000 00976nam a2200241 i 4500
003 CO-ViMGA
005 20230915224425.0
008 201201s2020 ck o ar 000 0 spa d
020 _a9789585226586
040 _aCO-ViMGA
_bspa
_cCO-ViMGA
082 0 4 _a595.76
_bU73p
_222
100 1 _aUribe Hurtado, Cristina
_d1956-
_eautora
_9161842
245 1 0 _aLos primeros aviadores /
_ctexto y fotografiĀ­as Cristina Uribe Hurtado
250 _aEdicion especial
260 _aBogota :
_bC. Uribe Editores,
_c2020
300 _a36 paginas
_bfotografiĀ­as
_c22 cm
490 0 _aLibros Educativos. Aprendiendo sobre el mundo en que vivimos. Serie Quienes somos
490 0 _aPlan Nacional de Lectura y Escritura Leer es mi Cuento / Ministerio de Cultura.
500 _aIncluye glosario al final del texto
650 1 7 _2LEMB
_aEscarabajos
_xHabitos y conducta
_xLiteratura infantil
_9161722
650 1 7 _2LEMB
_aInsectos
_xHabitos y conducta
_xLiteratura infantil
_9161723
942 _2ddc
_cBK
999 _c9055
_d9055